Daños por molestias intolerables entre vecinos : exceso de la normal tolerancia /
Guardado en:
| Autor Principal: | |
|---|---|
| Formato: | Desconocido |
| Idioma: | Spanish |
| Publicado: |
Buenos Aires :
Hammurabi,
2006
|
| Edición: | 1a. ed. |
| Series: | Responsabilidad civil ;
26 |
| Materias: | |
| Etiquetas: |
Agregar Etiqueta
Sin Etiquetas, Sea el primero en etiquetar este registro!
|
| LEADER | 00646nac a22001935a 4500 | ||
|---|---|---|---|
| 001 | DER.der002418 | ||
| 008 | 180615s2006####ag#||||||||||||||#||spa|| | ||
| 005 | 20251203152304.0 | ||
| 245 | 1 | 0 | |a Daños por molestias intolerables entre vecinos : |b exceso de la normal tolerancia / |c Nelson G. A. Cossari. |
| 250 | |a 1a. ed. | ||
| 260 | |a Buenos Aires : |b Hammurabi, |c 2006 | ||
| 300 | |a 337 p. | ||
| 490 | 1 | |a Responsabilidad civil ; |v 26 | |
| 020 | |a 9507412581 | ||
| 100 | 1 | |a Cossari, Nelson G. A. | |
| 653 | |a RESPONSABILIDAD CIVIL | ||
| 653 | |a DAÑOS | ||
| 859 | |a DERECHO |b BIB. DERECHO |h 346.013 |i COS |p 004559 | ||
| 859 | |a DERECHO |b BIB. DERECHO |h 346.013 |i COS |p 004560 |t 1 | ||
